| 000 | 00666nam a2200217 a 4500 | ||
|---|---|---|---|
| 001 | 000010318 | ||
| 005 | 20240412074217.0 | ||
| 008 | 091006s1998 dr 001 0 spa d | ||
| 040 | _aDO-SdBNP | ||
| 082 |
_aRD861.4 _bF819j |
||
| 100 | 1 |
_aFrancisco, Ramón _d1929- _923784 |
|
| 245 | 1 | 4 |
_aLas jóvenes ideas / _cRamón Francisco. |
| 260 |
_aSanto Domingo, _c1998. |
||
| 300 |
_a123 p. ; _c21 cm. |
||
| 490 | 1 |
_aAntología de Nuestra Voz _v59 |
|
| 500 | _aIncluye datos biográficos del autor en la contracubierta | ||
| 650 | 0 |
_aPoesía dominicana _966 |
|
| 650 | 0 |
_aLiteratura dominicana. _967 |
|
| 830 | 0 |
_aAntología de Nuestra Voz _v59 _923130 |
|
| 049 | _aBNPD | ||
| 999 |
_c10077 _d10077 |
||